Learning, capability building and innovation for development

שמור ב:
מידע ביבליוגרפי
פורמט: Sách
שפה:Undetermined
יצא לאור:  Palgrave Macmillan  2013
נושאים:
תגים: הוספת תג
אין תגיות, היה/י הראשונ/ה לתייג את הרשומה!
Thư viện lưu trữ: Trung tâm Thư viện - Trường Đại học Công nghiệp TP. Hồ Chí Minh
LEADER 00471nam a2200133Ia 4500
001 UIH_06007
008 231011s9999 xx 000 0 und d
082 |a  338.9 
245 0 |a  Learning, capability building and innovation for development 
260 |b  Palgrave Macmillan 
260 |c  2013 
650 |a  Economic development; Phát triển kinh tế;  
927 |a Sách 
980 |a Trung tâm Thư viện - Trường Đại học Công nghiệp TP. Hồ Chí Minh